1.FSV Mainz 05 Squad 2024-2025 - Statistics

General Stats
  • This quiz has been taken 152 times
    104 since last reset
  • The average score is 19 of 28
Answer Stats
# Position Nation Player % Correct
7 MF South Korea Jae-sung Lee
88%
27 GK Germany Robin Zentner
88%
29 FW Germany Jonathan Burkardt
87%
18 MF Germany Nadiem Amiri
85%
2 DF Austria Phillipp Mwene
79%
30 DF Switzerland Silvan Widmer
79%
16 DF Germany Stefan Bell
79%
19 DF France Anthony Caci
76%
8 MF Germany Paul Nebel
76%
31 MF Germany Dominik Kohr
75%
6 MF Japan Kaishu Sano
75%
25 DF Norway Andreas Hanche-Olsen
74%
1 GK Germany Lasse Rieß
74%
44 FW Germany Nelson Weiper
74%
21 DF Germany Danny da Costa
72%
- Coach Denmark Bo Henriksen
71%
9 FW Austria Karim Onisiwo
68%
11 FW Germany Armindo Sieb
62%
14 MF South Korea Hyun-seok Hong
60%
5 DF Germany Maxim Leitsch
60%
33 GK Germany Daniel Batz
59%
15 MF United States Lennard Maloney
59%
3 DF Germany Moritz Jenz
59%
9 FW France Arnaud Nordin
57%
4 MF Morocco Aymen Barkok
57%
17 FW Croatia Gabriel Vidović
54%
22 DF Austria Nikolas Veratschnig
54%
47 DF Germany Maxim Dal
40%
No matching quizzes found
Score Distribution
Percent of People with Each Score
Percentile by Number Answered
Your Score History
You have not taken this quiz since the last reset